Assessing the need for independent project reviews in the Department of Energy

Bibliographic Details
Main Author: Duscha, Lloyd A.
Corporate Authors: National Research Council (U.S.). Board on Infrastructure and the Constructed Environment., ProQuest (Firm)
Format: Electronic eBook
Language:English
Published: Washington, D.C. : National Academy Press, 1998.
Subjects:
Online Access:Click to View
LEADER 01435nam a2200313Ia 4500
001 EBC3377635
003 MiAaPQ
005 20200520144314.0
006 m o d |
007 cr cn|||||||||
008 080918s1998 dcu sb 000 0 eng d
035 |a (MiAaPQ)EBC3377635 
035 |a (Au-PeEL)EBL3377635 
035 |a (CaPaEBR)ebr10071954 
035 |a (OCoLC)923272191 
040 |a MiAaPQ  |c MiAaPQ  |d MiAaPQ 
050 4 |a TJ163.3  |b .D83 1998 
100 1 |a Duscha, Lloyd A. 
245 1 0 |a Assessing the need for independent project reviews in the Department of Energy  |h [electronic resource] /  |c Lloyd A. Duscha, principal investigator, Board on Infrastructure and Constructed Environment, Commission on Engineering and Technical Systems, National Research Council. 
260 |a Washington, D.C. :  |b National Academy Press,  |c 1998. 
300 |a viii, 51 p. 
504 |a Includes bibliographical references. 
533 |a Electronic reproduction. Ann Arbor, MI : ProQuest, 2015. Available via World Wide Web. Access may be limited to ProQuest affiliated libraries. 
610 1 0 |a United States.  |b Dept. of Energy. 
650 0 |a Project management  |z United States. 
655 4 |a Electronic books. 
710 2 |a National Research Council (U.S.).  |b Board on Infrastructure and the Constructed Environment. 
710 2 |a ProQuest (Firm) 
856 4 0 |u https://ebookcentral.proquest.com/lib/matrademy/detail.action?docID=3377635  |z Click to View